[Event "VIE-ch (Women)"]
[Site "Hanoi"]
[Date "2024.03.15"]
[Round "8"]
[White "Le, Thuy An"]
[Black "Do, Dinh Hong Chinh"]
[Result "0-1"]
[WhiteElo "1837"]
[BlackElo "1836"]
[PlyCount "116"]
[EventDate "2024.03.11"]
[EventType "swiss"]
[EventRounds "9"]
[EventCountry "VIE"]
[SourceTitle "CB13_2024"]
[SourceDate "2024.03.27"]
[SourceVersion "1"]
[SourceVersionDate "2024.03.27"]
[SourceQuality "1"]

1. e4 c6 2. d4 d5 3. exd5 cxd5 4. Bd3 Nf6 5. c3 Bg4 6. Nf3 e6 7. Bf4 Bd6 8. Bxd6 Qxd6 9. Nbd2 Nc6 10. 0-0 0-0 11. Qb3 Bxf3 12. Nxf3 Qc7 13. Rae1 Nd7 14. Bb1 Rac8 15. Qd1 Rfe8 16. Re3 Qf4 17. Rfe1 g6 18. h4 Nf6 19. g3 Qg4 20. Qb3 b6 21. Bd3 Qh5 22. Bb5 Red8 23. Qa3 Ng4 24. R3e2 Qf5 25. Kg2 a5 26. Qa4 Na7 27. Ba6 Rc7 28. c4 dxc4 29. Bxc4 Rdc8 30. Bb3 Nc6 31. Qa3 Nb4 32. Rxe6 Rc6 33. R6e2 Kg7 34. Ne5 Rf6 35. Nxg4 Qxg4 36. Bd1 Qxd4 37. Qb3 Nd3 38. Rf1 Nc1 39. Qe3 Nxe2 40. Qxe2 Re6 41. Qa6 Rc1 42. Bb3 Rxf1 43. Kxf1 Rf6 44. Qe2 b5 45. a3 a4 46. Ba2 Qc5 47. Kg2 b4 48. axb4 Qxb4 49. Qc2 Qb7+ 50. Kg1 Qf3 51. Bc4 Rd6 52. Be2 Qc6 53. Qxc6 Rxc6 54. Bb5 Rc1+ 55. Kg2 Ra1 56. Kf3 Kf6 57. Ke4 Ra2 58. f3 Rxb2 0-1

[Event "VIE-ch (Women)"]
[Site "Hanoi"]
[Date "2024.03.13"]
[Round "5"]
[White "Tran, Thi Hong Ngoc"]
[Black "Le, Thuy An"]
[Result "0-1"]
[WhiteElo "1732"]
[BlackElo "1837"]
[PlyCount "78"]
[EventDate "2024.03.11"]
[EventType "swiss"]
[EventRounds "9"]
[EventCountry "VIE"]
[SourceTitle "CB13_2024"]
[SourceDate "2024.03.27"]
[SourceVersion "1"]
[SourceVersionDate "2024.03.27"]
[SourceQuality "1"]

1. d4 d5 2. c4 e6 3. Nc3 Be7 4. Nf3 Nf6 5. Bg5 0-0 6. e3 h6 7. Bh4 b6 8. cxd5 Nxd5 9. Bxe7 Qxe7 10. Nxd5 exd5 11. Qc2 c5 12. dxc5 bxc5 13. Be2 Nd7 14. 0-0 Bb7 15. b3 Rac8 16. Qb2 Rfe8 17. Bd1 d4 18. Re1 Ne5 19. Nxe5 Qxe5 20. Bg4 Qg5 21. Bh3 dxe3 22. f4 Qxf4 23. Bxc8 Bxc8 24. Qe2 Re6 25. Qf3 Qxf3 26. gxf3 Bb7 27. h4 Bxf3 28. Rac1 f5 29. Rxc5 f4 30. Rec1 Rg6+ 31. Kf1 Rg4 32. R5c2 Rxh4 33. Rg2 Bxg2+ 34. Kxg2 Rh5 35. Kf3 Rf5 36. b4 g5 37. Kg4 Rf7 38. Kf3 h5 39. b5 g4+ 0-1

[Event "VIE-ch (Women)"]
[Site "Hanoi"]
[Date "2024.03.11"]
[Round "2"]
[White "Le, Thuy An"]
[Black "Nguyen, Ngoc Thao Nguyen"]
[Result "1-0"]
[WhiteElo "1837"]
[BlackElo "1498"]
[PlyCount "45"]
[EventDate "2024.03.11"]
[EventType "swiss"]
[EventRounds "9"]
[EventCountry "VIE"]
[SourceTitle "CB13_2024"]
[SourceDate "2024.03.27"]
[SourceVersion "1"]
[SourceVersionDate "2024.03.27"]
[SourceQuality "1"]

1. e4 e6 2. d4 d5 3. Nd2 Nf6 4. Bd3 Be7 5. Ne2 0-0 6. 0-0 c5 7. c3 Nc6 8. e5 Nd7 9. Nf3 f6 10. Nf4 Ndxe5 11. dxe5 fxe5 12. Nxe5 Nxe5 13. Bc2 Qe8 14. Re1 Bd6 15. Nh3 Qf7 16. Bxh7+ Kh8 17. f4 Nd7 18. Ng5 Qe7 19. Rxe6 Qd8 20. Rxd6 Qe7 21. Bg6 Kg8 22. Re6 Qd8 23. Qh5 1-0

[Event "VIE-ch (Women)"]
[Site "Hanoi"]
[Date "2024.03.11"]
[Round "1"]
[White "Pham, Nhu Y"]
[Black "Le, Thuy An"]
[Result "1/2-1/2"]
[WhiteElo "1533"]
[BlackElo "1837"]
[PlyCount "86"]
[EventDate "2024.03.11"]
[EventType "swiss"]
[EventRounds "9"]
[EventCountry "VIE"]
[SourceTitle "CB13_2024"]
[SourceDate "2024.03.27"]
[SourceVersion "1"]
[SourceVersionDate "2024.03.27"]
[SourceQuality "1"]

1. d4 d5 2. Nf3 Nf6 3. c4 e6 4. Nc3 Be7 5. Bf4 c6 6. e3 0-0 7. Bd3 dxc4 8. Bxc4 Nd5 9. Bg3 Nxc3 10. bxc3 c5 11. 0-0 Nd7 12. Qe2 Nf6 13. e4 Qa5 14. Rac1 a6 15. Ne5 cxd4 16. cxd4 Ba3 17. Rc2 b5 18. Bb3 Bb7 19. f3 Rac8 20. Bh4 Be7 21. Rfc1 Rxc2 22. Rxc2 Qd8 23. Bf2 Nd7 24. Nxd7 Qxd7 25. Qd1 Rd8 26. Bg3 Bd6 27. Bxd6 Qxd6 28. d5 exd5 29. exd5 Qb6+ 30. Kh1 h6 31. h3 a5 32. Rd2 Qd6 33. Bc2 Re8 34. Re2 Rxe2 35. Qxe2 Qd7 36. Qe4 g6 37. Qf4 Kh7 38. Qd2 a4 39. d6 Bc6 40. Be4 Bxe4 41. fxe4 f6 42. Qd4 Kg7 43. Qc5 Kf7 1/2-1/2

[Event "VIE-ch (Women)"]
[Site "Ha Tien"]
[Date "2023.09.15"]
[Round "6"]
[White "Tong, Thai Hoang An"]
[Black "Le, Thuy An"]
[Result "1/2-1/2"]
[WhiteElo "1465"]
[BlackElo "1796"]
[PlyCount "30"]
[EventDate "2023.09.13"]
[EventType "swiss"]
[EventRounds "9"]
[EventCountry "VIE"]
[SourceTitle "EXT 2024"]
[Source "ChessBase"]
[SourceDate "2023.10.10"]
[SourceVersion "1"]
[SourceVersionDate "2023.10.10"]
[SourceQuality "1"]

1. e4 c5 2. Nf3 d6 3. c3 Nf6 4. Bd3 e6 5. 0-0 Be7 6. Bc2 0-0 7. d4 cxd4 8. cxd4 b6 9. Nc3 Bb7 10. Re1 Re8 11. Bf4 Nbd7 12. Rc1 Rc8 13. Bb1 Nf8 14. h3 Ng6 15. Bh2 Bf8 1/2-1/2

[Event "VIE-ch (Women)"]
[Site "Ha Tien"]
[Date "2023.09.14"]
[Round "3"]
[White "Le, Thuy An"]
[Black "Nguyen, My Hanh An"]
[Result "0-1"]
[WhiteElo "1796"]
[BlackElo "1878"]
[PlyCount "100"]
[EventDate "2023.09.13"]
[EventType "swiss"]
[EventRounds "9"]
[EventCountry "VIE"]
[SourceTitle "EXT 2024"]
[Source "ChessBase"]
[SourceDate "2023.10.10"]
[SourceVersion "1"]
[SourceVersionDate "2023.10.10"]
[SourceQuality "1"]

1. e4 d5 2. exd5 Nf6 3. Nc3 Nxd5 4. Nxd5 Qxd5 5. d4 Nc6 6. c3 e5 7. dxe5 Qxd1+ 8. Kxd1 Nxe5 9. h3 Bf5 10. Be3 0-0-0+ 11. Ke1 Bd3 12. b3 Be7 13. Bxd3 Nxd3+ 14. Ke2 Bc5 15. Nf3 Rhe8 16. Nd4 Bxd4 17. cxd4 Rxd4 18. Rhd1 Nf4+ 19. Kf3 Rxd1 20. Rxd1 Ng6 21. Rc1 Ne5+ 22. Kg3 a6 23. Bf4 Re7 24. Rd1 f6 25. Rd2 Rd7 26. Re2 Rd5 27. Bc1 Kd7 28. Ba3 c5 29. Kf4 b5 30. Ke4 Kc6 31. f4 Nd3 32. Rd2 Nxf4 33. Rc2 Ne6 34. Bb2 Nd4 35. Rd2 Rd6 36. Bxd4 Rxd4+ 37. Rxd4 cxd4 38. Kxd4 Kd6 39. g4 g6 40. Ke4 Ke6 41. b4 f5+ 42. gxf5+ gxf5+ 43. Kf4 h6 44. h4 Kf6 45. h5 Ke6 46. Kf3 Ke5 47. Ke3 f4+ 48. Kf3 Kf5 49. a3 Kg5 50. Ke4 Kg4 0-1

[Event "VIE-chT (Women)"]
[Site "Hanoi"]
[Date "2023.04.20"]
[Round "4"]
[White "Luc, Kim Giao"]
[Black "Le, Thuy An"]
[Result "1/2-1/2"]
[WhiteElo "1968"]
[BlackElo "1796"]
[PlyCount "65"]
[EventDate "2023.04.18"]
[EventType "swiss"]
[EventRounds "9"]
[EventCountry "VIE"]
[SourceTitle "EXT 2024"]
[Source "ChessBase"]
[SourceDate "2023.10.10"]
[SourceVersion "1"]
[SourceVersionDate "2023.10.10"]
[SourceQuality "1"]

1. d4 d5 2. c4 e6 3. Nc3 Be7 4. cxd5 exd5 5. Bf4 c6 6. Qc2 g6 7. e3 Bf5 8. Bd3 Bxd3 9. Qxd3 Bd6 10. Bxd6 Qxd6 11. Nge2 Nd7 12. Rc1 Ngf6 13. Na4 0-0 14. Nc5 b6 15. Nb3 c5 16. dxc5 bxc5 17. Nd2 Ne5 18. Qa3 a5 19. 0-0 Qa6 20. Qc3 Nd3 21. Ra1 Nxb2 22. Qxb2 Qxe2 23. Qxf6 Qxd2 24. Rfd1 Qb4 25. Rxd5 c4 26. Rc1 Rab8 27. h3 a4 28. Qd4 Rfc8 29. Rd7 Qb5 30. Rd5 Qa6 31. Rd6 Qa5 32. Rd5 Qb4 33. Rd7 1/2-1/2

[Event "VIE-ch (Women)"]
[Site "Vung Tau"]
[Date "2023.03.05"]
[Round "5"]
[White "Le, Thuy An"]
[Black "Luong, Phuong Hanh"]
[Result "1/2-1/2"]
[WhiteElo "1787"]
[BlackElo "2088"]
[PlyCount "155"]
[EventDate "2023.03.03"]
[EventType "swiss"]
[EventRounds "9"]
[EventCountry "VIE"]
[SourceTitle "EXT 2024"]
[Source "ChessBase"]
[SourceDate "2023.10.10"]
[SourceVersion "1"]
[SourceVersionDate "2023.10.10"]
[SourceQuality "1"]

1. e4 c5 2. Nf3 e6 3. d4 cxd4 4. Nxd4 a6 5. c4 Nf6 6. Nc3 Qc7 7. Qd3 Bb4 8. Nc2 Bxc3+ 9. bxc3 Qe5 10. f3 d5 11. Be2 dxe4 12. Qe3 Nbd7 13. f4 Qc5 14. Ba3 Qxe3 15. Nxe3 Nb6 16. Rb1 Na4 17. Kd2 Nd7 18. f5 Ndc5 19. Bd1 Bd7 20. Bxa4 Nxa4 21. Bd6 b5 22. fxe6 Bxe6 23. Kc2 Rc8 24. Rb4 f5 25. Rf1 Kf7 26. g4 g6 27. Be5 Rhd8 28. gxf5 gxf5 29. cxb5 axb5 30. Nxf5 Bxf5 31. Rxf5+ Ke6 32. Rh5 e3 33. Bd4 Rg8 34. Rbxb5 Rg6 35. Rhe5+ Kf7 36. Rf5+ Kg8 37. Kd3 h6 38. Rb4 Ra6 39. Rb7 Rg6 40. Ra5 Re8 41. Rxa4 e2 42. Bf2 Rg1 43. Re4 Rxe4 44. Kxe4 e1Q+ 45. Bxe1 Rxe1+ 46. Kd3 Rh1 47. c4 Kf8 48. Rb2 Ke7 49. Kc3 Kd6 50. Kb4 Kc6 51. a4 Kb6 52. a5+ Kc6 53. Ra2 Rb1+ 54. Kc3 Rc1+ 55. Rc2 Ra1 56. Rf2 Rc1+ 57. Kb3 Rb1+ 58. Rb2 Ra1 59. Kb4 h5 60. Rb3 h4 61. Rh3 Rb1+ 62. Kc3 Rc1+ 63. Kb3 Ra1 64. Rxh4 Rxa5 65. Rh6+ Kc7 66. Kb4 Rf5 67. h4 Kd7 68. c5 Rf1 69. Kb5 Rb1+ 70. Ka6 Kc7 71. h5 Rb2 72. Ka5 Rb1 73. Rb6 Ra1+ 74. Kb4 Rb1+ 75. Kc4 Rc1+ 76. Kd5 Rd1+ 77. Ke5 Rc1 78. Rb5 1/2-1/2

[Event "VIE-ch (Women)"]
[Site "Vung Tau"]
[Date "2023.03.03"]
[Round "2"]
[White "Le, Thuy An"]
[Black "Le, Thai Hoang Anh"]
[Result "1-0"]
[WhiteElo "1787"]
[BlackElo "1204"]
[PlyCount "109"]
[EventDate "2023.03.03"]
[EventType "swiss"]
[EventRounds "9"]
[EventCountry "VIE"]
[SourceTitle "EXT 2024"]
[Source "ChessBase"]
[SourceDate "2023.10.10"]
[SourceVersion "1"]
[SourceVersionDate "2023.10.10"]
[SourceQuality "1"]

1. e4 e5 2. Nf3 Nc6 3. Bb5 a6 4. Ba4 Nf6 5. 0-0 b5 6. Bb3 Be7 7. Re1 d6 8. c3 Bg4 9. h3 Bh5 10. d3 0-0 11. Nbd2 Qd7 12. Nf1 Rfe8 13. Ng3 Bg6 14. Bc2 Rad8 15. Nh4 d5 16. Nxg6 hxg6 17. a4 Bc5 18. Bg5 Bb6 19. Qf3 d4 20. Bxf6 gxf6 21. Qxf6 Re6 22. Qg5 Qe7 23. Qg4 dxc3 24. bxc3 Qc5 25. Bb3 Red6 26. Nf5 Rf6 27. Qg5 Rxd3 28. Re3 Rdd6 29. Nxd6 Qxd6 30. Rd3 Qe7 31. Rd7 Bxf2+ 32. Kh1 Be3 33. Rxe7 Bxg5 34. Rxc7 Na5 35. Bd5 bxa4 36. Rxa4 Rf1+ 37. Kh2 Bf4+ 38. g3 Rf2+ 39. Kh1 Be3 40. Rxf7 Rxf7 41. Bxf7+ Kxf7 42. Rxa5 Bd2 43. Rc5 a5 44. c4 Bc3 45. Rc7+ Ke6 46. Rc6+ Kf7 47. Kg2 Bb4 48. Ra6 Kg7 49. Kf3 Kh6 50. Ra7 Kg5 51. h4+ Kf6 52. g4 Ke6 53. h5 Bf8 54. Rxa5 gxh5 55. gxh5 1-0

[Event "Wch U20 Girls 38th"]
[Site "Cala Gonone"]
[Date "2022.10.18"]
[Round "7"]
[White "Le, Thuy An"]
[Black "Djidjeli, Sarah"]
[Result "1-0"]
[WhiteElo "1728"]
[BlackElo "2082"]
[PlyCount "57"]
[EventDate "2022.10.12"]
[EventType "swiss"]
[EventRounds "11"]
[EventCountry "ITA"]
[SourceTitle "CBM 210 Extra"]
[Source "ChessBase"]
[SourceDate "2022.11.30"]
[SourceVersion "1"]
[SourceVersionDate "2022.11.30"]
[SourceQuality "1"]

1. e4 c5 2. Nf3 Nc6 3. d4 cxd4 4. Nxd4 e5 5. Nb5 d6 6. c4 Be6 7. N1c3 a6 8. Na3 g6 9. Nc2 Bg7 10. Be3 Rc8 11. Qd2 Nf6 12. Rd1 Na5 13. b3 b5 14. cxb5 Qc7 15. Nd5 Qxc2 16. Qxa5 Nxd5 17. exd5 e4 18. Rc1 Qb2 19. Bc4 axb5 20. Bxb5+ Ke7 21. Bg5+ Bf6 22. Rc7+ Kf8 23. Bh6+ Kg8 24. Rxc8+ Bxc8 25. 0-0 e3 26. fxe3 Qe5 27. Qc7 Qc3 28. Qxc3 Bxc3 29. Rc1 1-0

[Event "Wch U20 Girls 38th"]
[Site "Cala Gonone"]
[Date "2022.10.13"]
[Round "2"]
[White "Kanyamarala, Trisha"]
[Black "Le, Thuy An"]
[Result "1-0"]
[WhiteElo "2174"]
[BlackElo "1728"]
[PlyCount "77"]
[EventDate "2022.10.12"]
[EventType "swiss"]
[EventRounds "11"]
[EventCountry "ITA"]
[SourceTitle "CBM 210 Extra"]
[Source "ChessBase"]
[SourceDate "2022.11.30"]
[SourceVersion "1"]
[SourceVersionDate "2022.11.30"]
[SourceQuality "1"]

1. d4 d5 2. c4 e6 3. Nc3 Nf6 4. cxd5 exd5 5. Bg5 c6 6. e3 Bf5 7. Qf3 Bg6 8. Bxf6 Qxf6 9. Qxf6 gxf6 10. Nf3 Nd7 11. 0-0-0 a5 12. Nh4 b5 13. Bd3 Nb6 14. Nf5 Kd7 15. h4 h5 16. Ne2 Bd6 17. Rh3 Nc4 18. Rf3 Ke6 19. Nxd6 Bxd3 20. Nf4+ Kxd6 21. Nxd3 Ke7 22. Nc5 Nd6 23. Kd2 Rhg8 24. g3 Rg6 25. Rc1 Rc8 26. Ke2 f5 27. Rf4 Rf6 28. Nd3 Ne4 29. Rf3 Kd6 30. Rf4 c5 31. dxc5+ Nxc5 32. Rd4 Rc7 33. Nf4 Ne6 34. Rxd5+ Ke7 35. Rxc7+ Nxc7 36. Rc5 Kd6 37. Rxc7 Kxc7 38. Nd5+ Kd6 39. Nxf6 1-0

[Event "Hanoi op (Women)"]
[Site "Hanoi"]
[Date "2022.08.27"]
[Round "8"]
[White "Le, Thuy An"]
[Black "Doan, Thi Van Anh"]
[Result "1/2-1/2"]
[WhiteElo "1728"]
[BlackElo "1948"]
[PlyCount "134"]
[EventDate "2022.08.20"]
[EventType "swiss"]
[EventRounds "9"]
[EventCountry "VIE"]
[SourceTitle "CBM 209 Extra"]
[Source "ChessBase"]
[SourceDate "2022.09.30"]
[SourceVersion "1"]
[SourceVersionDate "2022.09.30"]
[SourceQuality "1"]

1. e4 c6 2. d4 d5 3. exd5 cxd5 4. Bd3 Nc6 5. c3 Nf6 6. Bf4 g6 7. Nf3 Bg7 8. 0-0 0-0 9. Re1 Re8 10. Nbd2 Nh5 11. Be3 f5 12. Nb3 e5 13. dxe5 Nxe5 14. Bb5 Nc6 15. Bd4 Rxe1+ 16. Qxe1 Nxd4 17. Nbxd4 a6 18. Ba4 Nf4 19. Qe3 Bh6 20. Kf1 Qf8 21. Bb3 g5 22. g3 Ng6 23. Bxd5+ Kh8 24. Nxg5 f4 25. gxf4 Nxf4 26. Nf7+ Kg7 27. Qe5+ Kg6 28. Nd6 Bh3+ 29. Kg1 Nxd5 30. Qxd5 Rd8 31. Qe4+ Kh5 32. Qe5+ Bg5 33. Ne4 Qf4 34. Qxg5+ Qxg5+ 35. Nxg5 Kxg5 36. f3 h5 37. Kf2 h4 38. Rg1+ Kf6 39. f4 b5 40. a3 a5 41. Rg5 b4 42. Ke3 bxc3 43. bxc3 Re8+ 44. Re5 Rxe5+ 45. fxe5+ Kxe5 46. Nc6+ Kd5 47. Nxa5 Kc5 48. Kd3 Bf5+ 49. Kd2 Kb5 50. Nb7 Ka4 51. c4 Kxa3 52. Kc3 Ka4 53. c5 Be4 54. Nd6 Bg2 55. Nf5 h3 56. Kc4 Ka5 57. Nd4 Ka6 58. Kb4 Kb7 59. Kb5 Bf1+ 60. Kb4 Bg2 61. Ne6 Kc6 62. Nd8+ Kd7 63. Nf7 Kc6 64. Nd6 Bf1 65. Nf5 Bg2 66. Kc4 Kc7 67. Nd4 Be4 1/2-1/2

[Event "Hanoi op (Women)"]
[Site "Hanoi"]
[Date "2022.08.26"]
[Round "7"]
[White "Tran, Thi Nhu Y"]
[Black "Le, Thuy An"]
[Result "1/2-1/2"]
[WhiteElo "1936"]
[BlackElo "1728"]
[PlyCount "116"]
[EventDate "2022.08.20"]
[EventType "swiss"]
[EventRounds "9"]
[EventCountry "VIE"]
[SourceTitle "CBM 209 Extra"]
[Source "ChessBase"]
[SourceDate "2022.09.30"]
[SourceVersion "1"]
[SourceVersionDate "2022.09.30"]
[SourceQuality "1"]

1. e4 c5 2. Nf3 d6 3. d4 cxd4 4. Nxd4 Nf6 5. Nc3 a6 6. Bg5 e6 7. f4 Qc7 8. Qf3 b5 9. 0-0-0 Bb7 10. Bxf6 gxf6 11. a3 Nd7 12. Qh5 Nc5 13. f5 e5 14. Ne6 Qa5 15. Nxf8 Kxf8 16. Rxd6 Ke7 17. Rd1 Rhd8 18. Nd5+ Bxd5 19. exd5 Rac8 20. Qh4 Nb3+ 21. Kb1 Nd2+ 22. Ka2 Rxd5 23. Bd3 Nc4 24. Bxc4 Rxc4 25. Qf2 b4 26. Qa7+ Rc7 27. Qa8 Rxc2 28. Qb7+ Kf8 29. Qxb4+ Qxb4 30. axb4 Rb5 31. Kb3 Rxg2 32. Rd8+ Kg7 33. Ra8 Rg4 34. Rxa6 Rgxb4+ 35. Kc3 Rb3+ 36. Kc4 R5b4+ 37. Kc5 Rg4 38. Rb1 Rg2 39. Ra2 e4 40. h4 Rf3 41. Kd4 Rxf5 42. Kxe4 Rb5 43. Kf3 Rh2 44. Rg1+ Kh6 45. Ra6 Rf5+ 46. Kg4 Kg6 47. Rb6 h5+ 48. Kg3 Rd2 49. b4 Rd4 50. Kh3+ Kh6 51. Rb8 Rf3+ 52. Kg2 Rff4 53. b5 Rxh4 54. Kf3 Rhf4+ 55. Ke3 Rfe4+ 56. Kf3 Rg4 57. Rh1 Rgf4+ 58. Ke3 Rde4+ 1/2-1/2

[Event "Hanoi op (Women)"]
[Site "Hanoi"]
[Date "2022.08.24"]
[Round "5"]
[White "Doan, Thi Hong Nhung"]
[Black "Le, Thuy An"]
[Result "1-0"]
[WhiteElo "1938"]
[BlackElo "1728"]
[PlyCount "107"]
[EventDate "2022.08.20"]
[EventType "swiss"]
[EventRounds "9"]
[EventCountry "VIE"]
[SourceTitle "CBM 209 Extra"]
[Source "ChessBase"]
[SourceDate "2022.09.30"]
[SourceVersion "1"]
[SourceVersionDate "2022.09.30"]
[SourceQuality "1"]

1. d4 d5 2. c4 e6 3. Nc3 Nf6 4. Nf3 Be7 5. Bf4 0-0 6. e3 b6 7. cxd5 Nxd5 8. Nxd5 Qxd5 9. a3 c5 10. dxc5 Qxc5 11. Rc1 Qa5+ 12. Qd2 Qxd2+ 13. Nxd2 Ba6 14. Be2 Bxe2 15. Kxe2 Na6 16. Rc4 f6 17. e4 Nc5 18. b4 e5 19. Be3 Ne6 20. Rhc1 Rfd8 21. Nb1 g6 22. g4 b5 23. Rc6 Nd4+ 24. Bxd4 exd4 25. Ra6 Bd6 26. Kd3 Be5 27. Nd2 Rdc8 28. Rc5 Rxc5 29. bxc5 Rc8 30. Nb3 Rc7 31. f4 Bxf4 32. Rxf6 Bxh2 33. Kxd4 a5 34. c6 Kg7 35. g5 Re7 36. Rf1 Be5+ 37. Kd5 Bc7 38. Nc5 Re5+ 39. Kd4 Bd6 40. Ne6+ Rxe6 41. Kd5 Re5+ 42. Kxd6 Rxe4 43. c7 Rd4+ 44. Kc6 Rc4+ 45. Kb7 b4 46. c8Q Rxc8 47. Kxc8 bxa3 48. Rh1 a2 49. Kd7 h5 50. gxh6+ Kh7 51. Ke6 a1Q 52. Rxa1 Kxh6 53. Rxa5 g5 54. Kf5 1-0

[Event "Hanoi op (Women)"]
[Site "Hanoi"]
[Date "2022.08.22"]
[Round "3"]
[White "Nguyen, Thien Ngan"]
[Black "Le, Thuy An"]
[Result "1-0"]
[WhiteElo "1916"]
[BlackElo "1728"]
[PlyCount "135"]
[EventDate "2022.08.20"]
[EventType "swiss"]
[EventRounds "9"]
[EventCountry "VIE"]
[SourceTitle "CBM 209 Extra"]
[Source "ChessBase"]
[SourceDate "2022.09.30"]
[SourceVersion "1"]
[SourceVersionDate "2022.09.30"]
[SourceQuality "1"]

1. e4 c5 2. Nf3 d6 3. d4 cxd4 4. Nxd4 Nf6 5. Nc3 a6 6. Be2 e6 7. Be3 Qc7 8. a4 b6 9. f4 Bb7 10. Bf3 Nbd7 11. Qe2 Rc8 12. g4 e5 13. Nf5 exf4 14. Bxf4 Ne5 15. g5 Nfd7 16. 0-0 Nxf3+ 17. Qxf3 Ne5 18. Bxe5 dxe5 19. Kh1 g6 20. Ne3 Bg7 21. Ned5 Bxd5 22. Nxd5 Qb7 23. c3 h6 24. gxh6 Rxh6 25. Rae1 Rc6 26. Rd1 Rh4 27. Qd3 b5 28. axb5 axb5 29. Rfe1 g5 30. Ne3 Bf6 31. Nf5 Rf4 32. Qd5 Rxf5 33. exf5 Rc7 34. Qxb7 Rxb7 35. Re4 Rd7 36. Rxd7 Kxd7 37. Kg2 Kc6 38. Kf3 Kd5 39. Ke3 Be7 40. Kd3 Bf6 41. b3 Be7 42. c4+ bxc4+ 43. Rxc4 Bc5 44. b4 Bd4 45. Rc8 e4+ 46. Ke2 Ke5 47. Rd8 Bg1 48. h3 Kxf5 49. Rd1 Bb6 50. Rd6 Bg1 51. Rd1 Bb6 52. Rd6 Bg1 53. b5 Ke5 54. Rc6 f5 55. b6 Kf4 56. b7 Ba7 57. Ra6 Bb8 58. Ra8 Be5 59. b8Q Bxb8 60. Rxb8 Kg3 61. Rh8 f4 62. Rh5 g4 63. hxg4 Kxg4 64. Rh8 Kg5 65. Re8 Kf5 66. Kf2 e3+ 67. Kf3 Kg5 68. Re5+ 1-0

[Event "VIE-ch U20 Girls"]
[Site "Ho Chi Minh City"]
[Date "2022.07.15"]
[Round "7"]
[White "Le, Hong Minh Ngoc"]
[Black "Le, Thuy An"]
[Result "0-1"]
[WhiteElo "2071"]
[BlackElo "2075"]
[PlyCount "48"]
[EventDate "2022.07.11"]
[EventType "swiss"]
[EventRounds "9"]
[EventCountry "VIE"]
[SourceTitle "EXT 2023"]
[Source "ChessBase"]
[SourceDate "2022.10.05"]
[SourceVersion "1"]
[SourceVersionDate "2022.10.05"]
[SourceQuality "1"]

1. e4 c5 2. Nf3 d6 3. d4 cxd4 4. Nxd4 Nf6 5. Nc3 a6 6. Be3 b5 7. f3 Bb7 8. Qd2 e6 9. a3 Nbd7 10. g4 Nb6 11. 0-0-0 Rc8 12. Qf2 Nfd7 13. h4 Rxc3 14. bxc3 d5 15. Bd3 Bxa3+ 16. Kd2 Ne5 17. Ke2 Na4 18. Bd2 dxe4 19. fxe4 Qc7 20. Qg3 Bd6 21. Qe1 Nxg4 22. Rg1 h5 23. Nf3 Bf4 24. Bxf4 Qxf4 0-1

[Event "VIE-ch U20 Girls"]
[Site "Ho Chi Minh City"]
[Date "2022.07.13"]
[Round "4"]
[White "Le, Thuy An"]
[Black "Nguyen, Thi Ngoc Han"]
[Result "0-1"]
[WhiteElo "2075"]
[BlackElo "2065"]
[PlyCount "96"]
[EventDate "2022.07.11"]
[EventType "swiss"]
[EventRounds "9"]
[EventCountry "VIE"]
[SourceTitle "EXT 2023"]
[Source "ChessBase"]
[SourceDate "2022.10.05"]
[SourceVersion "1"]
[SourceVersionDate "2022.10.05"]
[SourceQuality "1"]

1. e4 c5 2. Nf3 d6 3. d4 cxd4 4. Nxd4 Nf6 5. Nc3 a6 6. Bg5 e6 7. f4 Be7 8. Qf3 Qc7 9. 0-0-0 Nc6 10. g4 Bd7 11. h4 0-0-0 12. Bxf6 Bxf6 13. Nce2 Qb6 14. Nb3 Na5 15. g5 Nxb3+ 16. axb3 Be7 17. Rh3 Kb8 18. Nc3 Rc8 19. Kb1 Qc5 20. Rh2 Bc6 21. f5 Rhf8 22. Bh3 Qe5 23. Rhd2 b5 24. Qe3 Bb7 25. fxe6 fxe6 26. Qd4 Rc5 27. Rf2 Qxd4 28. Rxf8+ Bxf8 29. Rxd4 Re5 30. Bg2 h6 31. gxh6 gxh6 32. Rd2 Be7 33. Bf3 b4 34. Nd1 Bxe4 35. Be2 a5 36. Ne3 d5 37. h5 Bg5 38. Ng4 Rf5 39. Rd1 Kc7 40. Rf1 Rxf1+ 41. Bxf1 Bf3 42. Bh3 Kd6 43. c3 Be4+ 44. Ka2 e5 45. Nf2 Bf3 46. Ng4 e4 47. Kb1 Bd1 48. c4 e3 0-1

[Event "VIE-ch U20 Girls"]
[Site "Ho Chi Minh City"]
[Date "2022.07.12"]
[Round "3"]
[White "Tran, Thi Kim Lien"]
[Black "Le, Thuy An"]
[Result "0-1"]
[WhiteElo "2064"]
[BlackElo "2075"]
[PlyCount "82"]
[EventDate "2022.07.11"]
[EventType "swiss"]
[EventRounds "9"]
[EventCountry "VIE"]
[SourceTitle "EXT 2023"]
[Source "ChessBase"]
[SourceDate "2022.10.05"]
[SourceVersion "1"]
[SourceVersionDate "2022.10.05"]
[SourceQuality "1"]

1. d4 d5 2. c4 e6 3. Nc3 Be7 4. Nf3 Nf6 5. Bg5 0-0 6. e3 Re8 7. Be2 dxc4 8. Bxc4 b6 9. 0-0 Bb7 10. h3 h6 11. Bh4 Nbd7 12. a3 c5 13. Rc1 Rc8 14. Qe2 Bxf3 15. gxf3 cxd4 16. exd4 Nh5 17. Bg3 Bg5 18. Ba6 Bxc1 19. Bxc8 Bf4 20. Bxd7 Qxd7 21. Kg2 Bxg3 22. fxg3 Qxd4 23. Rd1 Qc5 24. Ne4 Qc6 25. Kh2 Rc8 26. Rd2 Nf6 27. Nxf6+ gxf6 28. Qd3 Qc1 29. f4 Rc5 30. Qe2 Qb1 31. Rd8+ Kh7 32. Rd1 Rc2 33. Rxb1 Rxe2+ 34. Kg1 Kg6 35. a4 Kf5 36. Kf1 Rh2 37. Kg1 Rxh3 38. Kf2 Kg4 39. Rg1 Rh2+ 40. Rg2 Rxg2+ 41. Kxg2 e5 0-1

[Event "VIE-ch U20 Girls"]
[Site "Hanoi"]
[Date "2022.06.12"]
[Round "2"]
[White "Phan, Thi My Huong"]
[Black "Le, Thuy An"]
[Result "0-1"]
[WhiteElo "2063"]
[BlackElo "2070"]
[PlyCount "130"]
[EventDate "2022.06.11"]
[EventType "swiss"]
[EventRounds "7"]
[EventCountry "VIE"]
[SourceTitle "EXT 2023"]
[Source "ChessBase"]
[SourceDate "2022.10.05"]
[SourceVersion "1"]
[SourceVersionDate "2022.10.05"]
[SourceQuality "1"]

1. c4 e6 2. Nf3 Nf6 3. g3 d5 4. Bg2 dxc4 5. Qa4+ Nbd7 6. Nc3 a6 7. 0-0 Rb8 8. Qxc4 b5 9. Qb3 c5 10. d3 Bd6 11. d4 c4 12. Qc2 Bb7 13. Bg5 h6 14. Bxf6 Nxf6 15. Rfe1 0-0 16. a3 Be7 17. e4 a5 18. Nxb5 Bxe4 19. Qxc4 Qb6 20. Nc3 Bxf3 21. Bxf3 Rfc8 22. Qa4 Qxb2 23. Ne4 Qb3 24. Bd1 Qxa4 25. Bxa4 Rc4 26. Bd1 Rxd4 27. Bf3 Rb3 28. Kg2 Rxa3 29. Nxf6+ gxf6 30. Rxa3 Bxa3 31. Rb1 Rd7 32. Rd1 Rxd1 33. Bxd1 Kg7 34. Kf3 f5 35. Bc2 Kf6 36. h3 e5 37. Ke3 Bc5+ 38. Kf3 e4+ 39. Ke2 Ke5 40. Bb3 f6 41. Ba4 Kd4 42. Bd7 Ke5 43. f4+ exf3+ 44. Kxf3 Bb4 45. Ba4 Be1 46. Bd7 Bd2 47. Ke2 Bc1 48. Kd1 Ba3 49. Ke2 f4 50. Kf3 Bc1 51. gxf4+ Bxf4 52. Kg4 Bg5 53. Ba4 f5+ 54. Kf3 Kd6 55. Bc2 Ke5 56. Ba4 Kd4 57. Bd7 f4 58. Bc6 Kc5 59. Bd7 Kb4 60. Kg4 a4 61. h4 a3 62. Be6 Kc3 63. hxg5 hxg5 64. Kxg5 f3 65. Bg4 f2 0-1

[Event "VIE-ch U20 Girls"]
[Site "Hanoi"]
[Date "2022.06.11"]
[Round "1"]
[White "Le, Thuy An"]
[Black "Dao, Le Bao Ngan"]
[Result "1-0"]
[WhiteElo "2070"]
[BlackElo "2061"]
[PlyCount "43"]
[EventDate "2022.06.11"]
[EventType "swiss"]
[EventRounds "7"]
[EventCountry "VIE"]
[SourceTitle "EXT 2023"]
[Source "ChessBase"]
[SourceDate "2022.10.05"]
[SourceVersion "1"]
[SourceVersionDate "2022.10.05"]
[SourceQuality "1"]

1. e4 e6 2. d4 d5 3. Nd2 Nc6 4. c3 dxe4 5. Nxe4 Be7 6. Nf3 Nf6 7. Bd3 0-0 8. 0-0 b6 9. Nfg5 h6 10. Nxf6+ Bxf6 11. Nh7 Re8 12. Qg4 e5 13. Qe4 Bb7 14. Nxf6+ Qxf6 15. Qh7+ Kf8 16. b3 Ne7 17. Qh8+ Ng8 18. Ba3+ c5 19. dxc5 Bxg2 20. c6+ Re7 21. Bh7 g6 22. Qxg8# 1-0